Female Anatomy Quiz - Statistics

General Stats
  • This quiz has been taken 385 times
  • The average score is 5 of 13
Answers on the Map
Answers color-coded by a green-red scale on the quiz's map according to % correct below.
 
Answer Stats
% Correct
Cervix, Uterus, and Vagina
97%
Fallopian tubes, Fimbrae, and Ovary
86%
Bladder and Urethra
78%
Anus and Rectum
77%
Clitoris
51%
Sigmoid colon
29%
Pubic bone
25%
Labia majora
21%
Bartholin's gland
6%
Fornix
5%
Skene's glands
5%
Bulb of vestibule
3%
Labia minroa
2%
No matching quizzes found
Score Distribution
Percent of People with Each Score
Percentile by Number Answered
Your Score History
You have not taken this quiz